000 00736nam a22002177a 4500
003 UA-OsUOA
001 129077
007 ta
008 20180216b un ||||| |||| 00| 0 ukr d
100 _aПацай Т. В.
090 _a159
_bП21
942 _cSA
040 _aUA-OsUOA
_bukr
_cUA-OsUOA
_dUA-OsUOA
245 _aОсобливості організації інклюзивного освітнього простору в загальноосвітньому навчальному закладі
300 _aС.2-5
955 _a0
041 _aukr
080 _a159
773 0 _w129076
_tДитина з особливими потребами
_dХарків
_d2018
_g2
650 7 _a1 Філософські науки
_2UDC
999 _c416858
_d416858